00544nam a2200157 a 450000100100000000500170001000800410002704000250006824500710009326000440016430000200020870000270022804900090025595201050026499900170036900001708920200929165023.0100317s1985 dr a 000 0 spa d aDO-SdBNPbspacBNPHU00aNo! a la violencia contra la mujer /cinvestigador Mely Papaterra. aSanto Domingo :bEditora Taller,c1985. a25 p. ;c22 cm.1 aPapaterra, Mely937682 aBNPD 0010718PDaPDbPDcCTd2010-03-17iLF1l0o p17089-10r2020-06-25w2020-06-25yLFPDZNo se presta c16615d16615